<?xml version="1.0" encoding="UTF-8"?>
<collection xmlns="http://www.loc.gov/MARC21/slim">
  <record>
    <leader>00000nam  2200000   4500</leader>
    <controlfield tag="001">INLIS000000000001819</controlfield>
    <controlfield tag="005">20250318082224</controlfield>
    <datafield tag="035" ind1="#" ind2="#">
      <subfield code="a">0010-0122000494</subfield>
    </datafield>
    <datafield tag="245" ind1="1" ind2="#">
      <subfield code="a">Teluk Alaska :</subfield>
      <subfield code="b">Deep Inside Where Nothing's Fine /</subfield>
      <subfield code="c">Eka Aryani</subfield>
    </datafield>
    <datafield tag="100" ind1=" " ind2="#">
      <subfield code="a">EKA Aryani</subfield>
    </datafield>
    <datafield tag="250" ind1="#" ind2="#">
      <subfield code="a">Cetakan Pertama, Juli</subfield>
    </datafield>
    <datafield tag="300" ind1="#" ind2="#">
      <subfield code="a">408 halaman :</subfield>
      <subfield code="b">gambar ;</subfield>
      <subfield code="c">13.5x19.5 cm</subfield>
      <subfield code="e">biografi</subfield>
    </datafield>
    <datafield tag="856" ind1="#" ind2="#">
      <subfield code="a">OPAC (Rak 16)</subfield>
    </datafield>
    <datafield tag="260" ind1="#" ind2="#">
      <subfield code="a">Jakarta :</subfield>
      <subfield code="b">Bumi Semesta Media,</subfield>
      <subfield code="c">2019</subfield>
    </datafield>
    <datafield tag="082" ind1="#" ind2="#">
      <subfield code="a">899.2213</subfield>
    </datafield>
    <datafield tag="084" ind1="#" ind2="#">
      <subfield code="a">899.2213 EKA t</subfield>
    </datafield>
    <datafield tag="020" ind1="#" ind2="#">
      <subfield code="a">978-602-5508-88-2</subfield>
    </datafield>
    <datafield tag="650" ind1="#" ind2="4">
      <subfield code="a">Fiksi Indonesia</subfield>
    </datafield>
    <datafield tag="650" ind1="#" ind2="4">
      <subfield code="a">Sumbangan Mahasiswa 2020</subfield>
    </datafield>
    <datafield tag="520" ind1="#" ind2="#">
      <subfield code="a">Alister Reygan, cowok yang selalu menjadi idaman para wanita. Bukan hanya sekedar tampan, ia juga memili sebuah geng yang sering disebut sebagai 'penguasa sekolah'. Nasib sial  menimpa cewek sekelasnya. Ia selalu menjadi obje bulliying oleh gengnya. Alister sebagai ketua selalu paling kasar dan semangat dalam mem-bully cewek tersebut. Sampai suatu hari, Alister berhenti. Kata-kata kasar dan tatapan kebencian itu menghilang. Itu semua karena rahasia besar yang membuat hidupnya hancur seketika. Rahasia tersebut ada pada Anastasia Mysha, teman sekelasnya yang selalu ia sakiti</subfield>
    </datafield>
    <controlfield tag="008">250318################g##########0#ind##</controlfield>
    <datafield tag="990" ind1="#" ind2="#">
      <subfield code="a">062/SM-20</subfield>
    </datafield>
  </record>
</collection>
